British Comedy Shows #1 - Statistics

General Stats
  • This quiz has been taken 222 times
  • The average score is 8 of 15
Answer Stats
Clue Show % Correct
Three Catholic priests live on an island. Father Ted
86%
The show follows four teenagers as they go about their lives. In two subsequent films, they travel to Malia and Australia. The Inbetweeners
73%
A show set on a red mining ship, the name of which is also the title of the show. Red Dwarf
64%
Stand-up programme performed at a venue in west London (the venue shares its name with a Greek god). Live at the Apollo
63%
Panel show where comedians talk about the news of the week. The show has always had the same presenter. Mock the Week
63%
"Have you tried turning it off and on again?" IT Crowd
61%
Panel show about statistics. A spin-off combines this programme with a long-running game show about letters and numbers. 8 Out of 10 Cats
59%
Irish book shop owner wears black and doesn't like customers. Black Books
58%
A series of sitcoms set across four time periods, featuring the same antihero and other recurring characters throughout. Blackadder
56%
Sitcom that follows an elderly couple. The opening credits feature a giant tortoise. One Foot in the Grave
56%
Two friends share a flat in Croydon. Point of view shots are used throughout the series. Peep Show
51%
Surreal sketch show that premiered in 1969. Animated segments would appear in-between the sketches. Monty Python's Flying Circus
49%
A talk show that was originally aired alongside the 2012 Summer Paraolympics. The Last Leg
39%
Comedy-drama show about four young offenders in community service, who acquire superpowers after an electrical storm. Misfits
30%
A comic book artist and a writer pretend to be a couple so that they can get a flat. Spaced
28%
No matching quizzes found
Score Distribution
Percent of People with Each Score
Percentile by Number Answered
Your Score History
You have not taken this quiz